Moh's Scale of Mineral Hardness Quiz - Statistics

General Stats
  • This quiz has been taken 1,594 times
  • The average score is 5 of 10
Answer Stats
Hint Answer % Correct
10 Diamond
98%
1 Talc
75%
7 Quartz
71%
2 Gypsum
51%
3 Calcite
47%
8 Topaz
46%
9 Corundum
45%
4 Fluorite
38%
6 Feldspar
37%
5 Apatite
32%
No matching quizzes found
Score Distribution
Percent of People with Each Score
Percentile by Number Answered
Your Score History
You have not taken this quiz